Nostromo :a tale of the seaboard. / (Record no. 1547)

MARC details
000 -LEADER
fixed length control field 01219cam a2200361Ia 4500
001 - CONTROL NUMBER
control field 7941346
005 - DATE AND TIME OF LATEST TRANSACTION
control field 20210414114034.0
008 - FIXED-LENGTH DATA ELEMENTS--GENERAL INFORMATION
fixed length control field 000824s1990 enk 000 1 eng d
020 ## - INTERNATIONAL STANDARD BOOK NUMBER
International Standard Book Number 014018371X (pbk.)
020 ## - INTERNATIONAL STANDARD BOOK NUMBER
International Standard Book Number 9780140183719 (pbk.)
035 ## - SYSTEM CONTROL NUMBER
System control number (OCoLC)ocm44872530
035 ## - SYSTEM CONTROL NUMBER
System control number (OCoLC)44872530
035 ## - SYSTEM CONTROL NUMBER
System control number (NNC)7941346
040 ## - CATALOGING SOURCE
Original cataloging agency NOC
Transcribing agency NOC
Modifying agency BAKER
-- OCLCG
-- SINLB
050 #4 - LIBRARY OF CONGRESS CALL NUMBER
Classification number PR6005.O4.N578
082 04 - DEWEY DECIMAL CLASSIFICATION NUMBER
Classification number 823.912
Edition number 21
100 1# - MAIN ENTRY--PERSONAL NAME
Personal name Conrad, Joseph,
Dates associated with a name 1857-1924.
245 10 - TITLE STATEMENT
Title Nostromo :a tale of the seaboard. /
Statement of responsibility, etc. Joseph Conrad ; edited with an introd. and notes by Martin Seymour-Smith.
260 ## - PUBLICATION, DISTRIBUTION, ETC.
Place of publication, distribution, etc. London ;
-- New York :
Name of publisher, distributor, etc. Penguin Books,
Date of publication, distribution, etc. 1990.
300 ## - PHYSICAL DESCRIPTION
Extent 474 p.:
Dimensions 18 cm.
490 1# - SERIES STATEMENT
Series statement Penguin twentieth-century classics
505 ## - FORMATTED CONTENTS NOTE
Formatted contents note Contents: Introduction -- Nostromo -- Author's note: The Silver of the mine -- The Isabels -- The Lighthouse.
650 #0 - SUBJECT ADDED ENTRY--TOPICAL TERM
Topical term or geographic name entry element Revolutions
Form subdivision Fiction.
650 #0 - SUBJECT ADDED ENTRY--TOPICAL TERM
Topical term or geographic name entry element Sailors
Form subdivision Fiction.
650 #0 - SUBJECT ADDED ENTRY--TOPICAL TERM
Topical term or geographic name entry element Political fiction.
650 #0 - SUBJECT ADDED ENTRY--TOPICAL TERM
Topical term or geographic name entry element Sea stories.
651 #0 - SUBJECT ADDED ENTRY--GEOGRAPHIC NAME
Geographic name Latin America
Form subdivision Fiction.
700 1# - ADDED ENTRY--PERSONAL NAME
Personal name Seymour-Smith, Martin.
830 #0 - SERIES ADDED ENTRY--UNIFORM TITLE
Uniform title Penguin twentieth-century classics.
942 ## - ADDED ENTRY ELEMENTS (KOHA)
Source of classification or shelving scheme Library of Congress Classification
Koha item type Books
948 1# - LOCAL PROCESSING INFORMATION (OCLC); SERIES PART DESIGNATOR (RLIN)
Series part designator, SPT (RLIN) 20100907
b (OCLC) c
c (OCLC) jeb52
d (OCLC) MPS
Holdings
Withdrawn status Lost status Source of classification or shelving scheme Damaged status Not for loan Home library Current library Shelving location Date acquired Total Checkouts Full call number Barcode Date last seen Copy number Price effective from Koha item type
    Library of Congress Classification     WISCONSIN INTERNATIONAL UNIVERSITY COLLEGE, GHANA - MAIN LIBRARY WISCONSIN INTERNATIONAL UNIVERSITY COLLEGE, GHANA - MAIN LIBRARY General Stacks 25/06/2012   PR6005.O4.N578 4356/12 25/06/2012 1 25/06/2012 Books

If you have any concerns or questions; kindly contact the library


© Powered by WIUC ICT DIRECTORATE